000 00481 a2200181 4500
001 137499
020 _a8572442146
040 _cLeonardo Da Vinci
041 _aPortuguês
082 _a907.2 H887c
_bH887c
100 _aHUGHES-WARRINGTON, Marnie
245 _a50 grandes pensadores da história
260 _bContexto
_c2008
_aSão Paulo
362 _a20080000
500 _aTradução: Beth Honorato
697 _aHistória
_aHistoriografia
_aBiografia
_aFIPEN
942 _cBK
999 _c137499
_d137499